00409 a2200145 4500003000400000005001700004008004100021020000600062040000600068082002100074100002400095245006600119260006300185300001500248OSt20180116182740.0160615b xxu||||| |||| 00| 0 eng d a0 c0 a341.297 ALI 1971 aDr. M. Basharat Ali aLaws and Principles of Quranic SociologycDr. M. Basharat Ali aKarachi, PakistanbThe Jamiyat ul Falah Publicationsc1971 a143 p.bPB